Missing Word: Movies in Every Category Quiz Stats

 Plays Quiz Updated Sep 29, 2017

Score 0/15 Timer 02:00
2 Plays Today
Movie Title Missing Word % Correct
Rubik's _____Cube
95.4%
_____ Deadly SinsSe7en
94.3%
Black _____ (shopping holiday)Friday
94%
Weeping _____ (tree)Willow
90.6%
_____ Cubs (MLB)Chicago
88.1%
_____ New WorldBrave
86.3%
_____ Mountains (Canada and United States)Rocky
83.3%
Anchorman: The _____ of Ron BurgundyLegend
79.2%
Movie Title Missing Word % Correct
Klondike Gold _____Rush
77.5%
_____ WallbangerHarvey
73.6%
_____ Loves CompanyMisery
72.6%
Waltzing _____ Matilda
63.9%
What Did the _____ Say to the Circle? You're pointless! Triangle
60.4%
_____ Kimmy SchmidtUnbreakable
57.2%
_____ van PeltLucy
48.1%

Today's Daily Dose

Missing Word
Arizona A-Z

Word Ladder
Greek Letters II

Get the Picture
US National Parks

You're not logged in!

Compare scores with friends on all Sporcle quizzes.
OR
Log In

You Might Also Like...

Show Comments

Extras

Top Quizzes Today


Score Distribution

Your Account Isn't Verified!

In order to create a playlist on Sporcle, you need to verify the email address you used during registration. Go to your Sporcle Settings to finish the process.

Report this User

Report this user for behavior that violates our Community Guidelines.

Details: